000 00406 a2200109 4500
001 ART_40742
005 20260410161628.0
008 260409a
245 1 0 _aLas bases para una reformulación del estatuto del "comerciante" y su reemplazo por los nuevos obligados contables, en la actual codificación
100 1 _aPapa, Rodolfo G.
773 0 _tEnfoques
_g- Nº 10 (oct. 2016)
_wREV416
999 _c12205
_d12205